[Event "Cotswold Open 2025"]
[Site "?"]
[Date "2025.05.26"]
[Round "5.9"]
[White "Holmes, Matthew"]
[Black "Baer, Bruce"]
[Result "0-1"]
[WhiteElo "1927"]
[BlackElo "2058"]
[WhiteFideId "-1"]
[WhiteFideId "-1"]
[PlyCount "82"]
[GameId "2204227124430120"]
[SourceVersionDate "2025.06.08"]

1. d4 g6 2. e4 Bg7 3. Nc3 a6 4. Be3 d6 5. h4 h5 6. Nh3 Bxh3 7. Rxh3 b5 8. Qd2 Nd7 9. O-O-O c6 10. Bd3 Rc8 11. Kb1 c5 12. d5 b4 13. Na4 c4 14. Be2 Qa5 15. b3 Ngf6 16. f3 O-O 17. Qe1 c3 18. Qh1 Nc5 19. Nxc5 Rxc5 20. g4 e5 21. dxe6 d5 22. exf7+ Rxf7 23. gxh5 Nxh5 24. Qh2 d4 25. Bc1 Be5 26. Qg1 Rg7 27. Bc4+ Kh7 28. Qg4 Qc7 29. Bd5 Nf6 30. Qg5 Nxd5 31. exd5 Rxd5 32. f4 d3 33. fxe5 dxc2+ 34. Kxc2 Rxd1 35. Kxd1 Qd7+ 36. Kc2 Qxh3 37. Bf4 Qh1 38. e6 Qe4+ 39. Kc1 Qxe6 40. h5 Qe1+ 41. Kc2 Qe2+ 0-1

[Event "Cotswold Open 2025"]
[Site "?"]
[Date "2025.05.26"]
[Round "5.10"]
[White "Headlong, Tim"]
[Black "Van Kemenade, Rudy"]
[Result "1/2-1/2"]
[WhiteElo "2087"]
[BlackElo "1936"]
[WhiteFideId "-1"]
[WhiteFideId "-1"]
[PlyCount "66"]
[GameId "2204229355943578"]
[SourceVersionDate "2025.06.08"]

1. Nf3 d6 2. d4 f5 3. g3 Nf6 4. Bg2 g6 5. O-O Bg7 6. c4 O-O 7. Nc3 Qe8 8. d5 Na6 9. Rb1 c5 10. dxc6 bxc6 11. b4 Bd7 12. a3 Nc7 13. Bb2 Ne6 14. e3 g5 15. c5 d5 16. Ne5 f4 17. b5 Nxc5 18. Nxd7 Qxd7 19. bxc6 Qg4 20. Nxd5 Qxd1 21. Rfxd1 fxe3 22. Nxe3 Nfe4 23. Bxg7 Kxg7 24. Bxe4 Nxe4 25. Rb2 Rac8 26. Rc1 e6 27. Ng4 Rf5 28. Kg2 Nc5 29. Ne3 Re5 30. Nc4 Rd5 31. Ne3 Re5 32. Nc4 Rd5 33. Ne3 Re5 1/2-1/2

[Event "Cotswold Open 2025"]
[Site "?"]
[Date "2025.05.26"]
[Round "5.11"]
[White "Homer, Stephen"]
[Black "Clarke, Ian"]
[Result "1-0"]
[WhiteElo "2080"]
[BlackElo "1925"]
[WhiteFideId "-1"]
[WhiteFideId "-1"]
[PlyCount "49"]
[GameId "2214378883016421"]
[SourceVersionDate "2025.06.08"]

1. e4 e6 2. d4 d5 3. Bd3 c5 4. exd5 exd5 5. dxc5 Bxc5 6. Nf3 Nf6 7. O-O O-O 8. Bg5 h6 9. Bh4 Re8 10. Nbd2 Nc6 11. c3 Be6 12. Nb3 Be7 13. Nbd4 Bg4 14. Qa4 Bd7 15. Qb3 g5 16. Bg3 Nxd4 17. Nxd4 Qb6 18. Qxb6 axb6 19. Nb5 Red8 20. Bc7 Rdc8 21. Bxb6 Ne4 22. Nc7 Ra4 23. Nxd5 Bd8 24. Bxe4 Bxb6 25. Nxb6 1-0

[Event "Cotswold Open 2025"]
[Site "?"]
[Date "2025.05.26"]
[Round "5.12"]
[White "Bolt, Graham"]
[Black "Robinson, Adam"]
[Result "1-0"]
[WhiteElo "1980"]
[BlackElo "1896"]
[WhiteFideId "-1"]
[WhiteFideId "-1"]
[PlyCount "55"]
[GameId "2204283368136844"]
[SourceVersionDate "2025.06.08"]

1. Nf3 Nf6 2. g3 g6 3. Bg2 Bg7 4. O-O O-O 5. c4 c5 6. Nc3 Nc6 7. e4 d6 8. d3 Be6 9. h3 Rb8 10. Ng5 Bd7 11. f4 Nd4 12. Nf3 Nxf3+ 13. Qxf3 Bc6 14. Qe2 Nd7 15. Bd2 b5 16. cxb5 Bxb5 17. Rab1 Ba6 18. b3 Rc8 19. Nd1 Nb8 20. Bc3 Nc6 21. Bxg7 Kxg7 22. Ne3 e6 23. f5 exf5 24. exf5 Nd4 25. Qd2 Qg5 26. Kh2 Rce8 27. Rbe1 Nxf5 28. Nxf5+ 1-0

[Event "Cotswold Open 2025"]
[Site "?"]
[Date "2025.05.26"]
[Round "5.13"]
[White "Morrison, Joseph"]
[Black "Gartside, Carl"]
[Result "1-0"]
[WhiteElo "1950"]
[BlackElo "1884"]
[WhiteFideId "-1"]
[WhiteFideId "-1"]
[PlyCount "33"]
[GameId "2204297598046378"]
[SourceVersionDate "2025.06.08"]

1. d4 Nf6 2. c4 e6 3. Nf3 Bb4+ 4. Bd2 Qe7 5. Qc2 O-O 6. e4 d5 7. e5 Ne4 8. Bd3 f5 9. exf6 Nxf6 10. O-O c6 11. Bg5 h6 12. Bh7+ Kh8 13. Ne5 Qe8 14. Bg6 Qe7 15. Bf7 Qd8 16. Bxf6 gxf6 17. Qg6 1-0

[Event "Cotswold Open 2025"]
[Site "?"]
[Date "2025.05.26"]
[Round "5.15"]
[White "Moldovan, Alexandru"]
[Black "Sui, Yueyue"]
[Result "1-0"]
[WhiteElo "1894"]
[BlackElo "1824"]
[WhiteFideId "-1"]
[WhiteFideId "-1"]
[PlyCount "109"]
[GameId "2204350535360547"]
[SourceVersionDate "2025.06.08"]

{[%evp 0,88,22,19,23,30,50,17,6,-17,-13,-14,-13,0,10,-2,-1,-16,-141,-12,-15,-34,-21,-51,-31,-58,-151,-74,-68,-49,-43,-52,-44,-110,-36,-99,-104,-155,-177,-162,-123,-146,-89,-27,-19,-41,-37,-47,-6,-13,112,8,142,-111,177,87,185,2,289,101,244,284,236,278,296,263,233,247,277,266,564,503,665,588,1067,1011,1516,814,850,660,647,597,647,639,652,641,730,579,605,735,940]} 1. e4 c5 2. d4 e6 3. Nf3 cxd4 4. c3 dxc3 5. Nxc3 Nc6 6. Bc4 Bb4 7. O-O Nge7 8. a3 Bxc3 9. bxc3 O-O 10. Bg5 Qa5 11. Bd2 Ne5 12. Nxe5 Qxe5 13. Bd3 d5 14. f4 Qc7 15. e5 Bd7 16. h4 Qc5+ 17. Kh2 Bb5 18. Bxb5 Qxb5 19. Rb1 Qc6 20. Rf3 f5 21. Rg3 g6 22. Qh5 b6 23. c4 a5 24. cxd5 exd5 25. Qg5 Qe6 26. Rgb3 Ra6 27. Be3 Rb8 28. Bc5 Kf7 29. Bd6 Rb7 30. Qh6 Kg8 31. h5 Qf7 32. hxg6 hxg6 33. Rh3 Qg7 34. Qg5 Kf7 35. Re1 b5 36. e6+ Kf8 37. Be5 Qg8 38. Rh8 Rxe6 39. Rxg8+ Kxg8 40. Qh6 Kf7 41. Qh7+ Ke8 42. Qh8+ Kf7 43. Rc1 b4 44. axb4 axb4 45. Ra1 b3 46. Qg7+ Ke8 47. Ra8+ Kd7 48. Bb2 Re2 49. Qh8 Rc7 50. Rd8+ Kc6 51. Qc3+ Kb7 52. Qxb3+ Kc6 53. Qa4+ Kb6 54. Bd4+ Kb7 55. Qb5# 1-0

[Event "Cotswold Open 2025"]
[Site "?"]
[Date "2025.05.26"]
[Round "5.16"]
[White "Lappin, Benjamin"]
[Black "Lawrence, Spencer"]
[Result "0-1"]
[WhiteElo "1893"]
[BlackElo "1811"]
[WhiteFideId "-1"]
[WhiteFideId "-1"]
[PlyCount "72"]
[GameId "2205371218293013"]
[SourceVersionDate "2025.06.08"]

{[%evp 0,11,17,22,-12,-34,9,-7,16,-3,-8,-15,-15,-29]} 1. e4 e5 2. f4 d5 3. Nf3 Nf6 4. exd5 exf4 5. c4 c6 6. d4 Bb4+ 7. Nc3 O-O 8. Be2 cxd5 9. O-O dxc4 10. Bxc4 Bd6 11. Nb5 Nc6 12. Kh1 Bb8 13. Nc3 a6 14. a4 h6 15. d5 Na5 16. Bd3 b6 17. b4 Nb7 18. h3 Kh8 19. Bc2 Nh5 20. Bb2 Ng3+ 21. Kh2 Nxf1+ 22. Qxf1 Nd6 23. Bd3 Nf5 24. Bxf5 Bxf5 25. Rd1 Bd6 26. Kh1 Bxb4 27. Qc4 Bd6 28. Nd4 Bd7 29. Nc6 Qh4 30. Ne4 Bxh3 31. Nxd6 Bg4+ 32. Kg1 Bxd1 33. Qd4 Qe1+ 34. Kh2 Qg3+ 35. Kg1 f3 36. Qxd1 Qxg2# 0-1

[Event "Cotswold Open 2025"]
[Site "?"]
[Date "2025.05.26"]
[Round "5.17"]
[White "Kong, Emma"]
[Black "Guilfoyle, John"]
[Result "1-0"]
[WhiteElo "1659"]
[BlackElo "1925"]
[WhiteFideId "-1"]
[WhiteFideId "-1"]
[PlyCount "75"]
[GameId "2204701024252036"]
[SourceVersionDate "2025.06.08"]

1. d4 Nf6 2. c4 c5 3. d5 e6 4. Nc3 exd5 5. cxd5 d6 6. e4 g6 7. f4 Bg7 8. e5 Qe7 9. Nb5 O-O 10. Nxd6 Bg4 11. Be2 Bxe2 12. Nxe2 Ne8 13. Nxe8 Rxe8 14. Qb3 b6 15. O-O Qd7 16. Bd2 Na6 17. Rae1 Nc7 18. Nc3 b5 19. d6 b4 20. dxc7 bxc3 21. Bxc3 Qxc7 22. Rd1 c4 23. Qa4 Red8 24. Kh1 Rd3 25. Rxd3 cxd3 26. Rd1 Rd8 27. Ba5 Qd7 28. Qe4 Rc8 29. h3 Qb5 30. Bc3 Bh6 31. Rxd3 Bxf4 32. Rd1 Bg3 33. Qg4 Rxc3 34. bxc3 Qxe5 35. Rd8+ Kg7 36. Qd4 f6 37. Qxe5 fxe5 38. Kg1 1-0

[Event "Cotswold Open 2025"]
[Site "?"]
[Date "2025.05.26"]
[Round "5.18"]
[White "Kumar, Yuvraj"]
[Black "Hammond, Matthew"]
[Result "1/2-1/2"]
[WhiteElo "1855"]
[BlackElo "1893"]
[WhiteFideId "-1"]
[WhiteFideId "-1"]
[PlyCount "88"]
[GameId "2204702393217253"]
[SourceVersionDate "2025.06.08"]

1. e4 Nf6 2. e5 Nd5 3. d4 d6 4. exd6 cxd6 5. Nf3 g6 6. Bc4 Nb6 7. Bb3 Bg7 8. c3 O-O 9. O-O e5 10. Re1 Qc7 11. dxe5 dxe5 12. Bg5 Nc6 13. Qc1 Bg4 14. Nbd2 Rac8 15. h3 Bf5 16. Ne4 Bxe4 17. Rxe4 Na5 18. Bh6 Nxb3 19. axb3 f5 20. Re1 e4 21. Bxg7 Kxg7 22. Nd4 Rfe8 23. Rxa7 Nd5 24. Nc2 Nf4 25. Nb4 Red8 26. Qe3 Nd3 27. Nxd3 Rxd3 28. Qc1 Rcd8 29. Ra1 Rd2 30. Rf1 e3 31. b4 Qd6 32. c4 e2 33. Qc3+ Kg8 34. Rfe1 Rd1 35. c5 Qd5 36. Kh2 Rxa1 37. Rxa1 Qe4 38. f3 Qe7 39. Re1 Qe6 40. Qc2 Qe5+ 41. g3 Re8 42. Kg2 g5 43. Qc3 Qe6 44. b3 Qe3 1/2-1/2

[Event "Cotswold Open 2025"]
[Site "?"]
[Date "2025.05.26"]
[Round "5.19"]
[White "Tamilselvan, Tara"]
[Black "Small, Edward"]
[Result "0-1"]
[WhiteElo "1868"]
[BlackElo "1842"]
[WhiteFideId "-1"]
[WhiteFideId "-1"]
[PlyCount "62"]
[GameId "2204703990022379"]
[SourceVersionDate "2025.06.08"]

1. b3 Nf6 2. Bb2 g6 3. Nf3 Bg7 4. e3 O-O 5. Be2 c5 6. O-O d6 7. d4 cxd4 8. Nxd4 Nc6 9. Bf3 Ne5 10. h3 Nxf3+ 11. Nxf3 d5 12. Be5 Bd7 13. Nc3 Qa5 14. b4 Qxb4 15. Bxf6 exf6 16. Nxd5 Qa4 17. Rb1 Rad8 18. Rb4 Qxa2 19. Qd4 Bc6 20. Nxf6+ Bxf6 21. Qxf6 Qxc2 22. Ng5 Rd1 23. Rxd1 Qxd1+ 24. Kh2 Qd8 25. Nxh7 Qxf6 26. Nxf6+ Kg7 27. Ng4 a5 28. Rb2 a4 29. Ne5 Bd5 30. e4 a3 31. Rb5 Ra8 0-1

[Event "Cotswold Open 2025"]
[Site "?"]
[Date "2025.05.26"]
[Round "5.20"]
[White "De Piro, Tristram"]
[Black "Poderico, Francesco"]
[Result "0-1"]
[WhiteElo "1902"]
[BlackElo "1761"]
[WhiteFideId "-1"]
[WhiteFideId "-1"]
[PlyCount "66"]
[GameId "2204705595396452"]
[SourceVersionDate "2025.06.08"]

1. e4 e6 2. d4 c5 3. Nf3 cxd4 4. Nxd4 Bc5 5. Nc3 Qb6 6. Na4 Qa5+ 7. c3 Bxd4 8. Qxd4 Nf6 9. b3 Nc6 10. Qe3 d5 11. exd5 Nxd5 12. Qg3 Nce7 13. Bd2 Nf5 14. Qf3 Qc7 15. Bd3 Nh4 16. Qe4 Ng6 17. O-O Bd7 18. Nb2 Bc6 19. Qd4 O-O 20. f4 Rad8 21. Qf2 f5 22. Rae1 Rfe8 23. Bc4 b5 24. Bxd5 Bxd5 25. Re2 Be4 26. Rfe1 Rd7 27. Rxe4 fxe4 28. Rxe4 Red8 29. Re2 Qd6 30. c4 a6 31. Bc3 Qxf4 32. Rxe6 Qc1+ 33. Be1 Rf8 0-1

[Event "Cotswold Open 2025"]
[Site "?"]
[Date "2025.05.26"]
[Round "6.1"]
[White "Norris, Zack"]
[Black "Ashworth, Michael"]
[Result "1-0"]
[WhiteElo "2088"]
[BlackElo "2194"]
[WhiteFideId "-1"]
[WhiteFideId "-1"]
[PlyCount "81"]
[GameId "2214378883016422"]
[SourceVersionDate "2025.06.08"]

1. c4 g6 2. Nc3 Bg7 3. g3 e5 4. Bg2 d6 5. e4 Be6 6. Nge2 Qd7 7. d3 Ne7 8. h4 h5 9. O-O c6 10. Be3 Na6 11. Rb1 d5 12. cxd5 cxd5 13. d4 dxe4 14. dxe5 Qxd1 15. Rfxd1 Bxe5 16. Bxe4 Nc6 17. Nd4 Bd7 18. Ndb5 Bg4 19. f3 Be6 20. Nd6+ Ke7 21. Nxb7 Rac8 22. Nc5 Nab8 23. Nxe6 fxe6 24. f4 Bc7 25. Bc5+ Kf7 26. Nb5 Rhd8 27. Rxd8 Nxd8 28. Nxa7 Nd7 29. Nxc8 Nxc5 30. Rc1 Bxf4 31. Bxg6+ Kxg6 32. gxf4 Ndb7 33. b4 Nd3 34. Rc7 Nxb4 35. a3 Nd5 36. Rxb7 Nxf4 37. a4 e5 38. a5 Nd3 39. a6 Nc5 40. Rb6+ Kf5 41. a7 1-0

[Event "Cotswold Open 2025"]
[Site "?"]
[Date "2025.05.26"]
[Round "6.2"]
[White "Ogunshola, Olugbemiga"]
[Black "Stubbs, Oliver"]
[Result "0-1"]
[WhiteElo "2197"]
[BlackElo "2284"]
[WhiteFideId "-1"]
[WhiteFideId "-1"]
[PlyCount "140"]
[GameId "2205274072719392"]
[SourceVersionDate "2025.06.08"]

{[%evp 0,136,17,25,9,10,27,-20,20,10,33,10,4,-1,11,31,26,-5,23,17,-7,-7,18,21,25,28,23,15,-71,-20,-41,-143,-66,-190,-180,-191,-184,-141,-168,-124,-159,-208,-182,-196,-181,-239,-199,-192,-224,-249,-160,-181,-181,-177,-141,-163,-132,-131,-124,-149,-64,-126,-168,-200,-112,-209,-180,-189,-181,-178,-196,-186,-42,-265,-185,-233,-182,-164,-140,-314,-176,-156,-196,-181,-123,-153,-126,-131,-83,-83,-98,-90,-84,-82,-69,-60,-7,-37,-34,-77,-113,-52,-67,-212,-238,-234,-227,-178,-228,-249,-287,-315,-159,-198,-267,-240,-132,-255,-202,-256,-97,-228,-198,-58,-149,-235,-175,-69,-248,-248,-259,-264,-282,-286,-309,-300,-306,-353,-426]} 1. c4 Nf6 2. g3 g6 3. Bg2 Bg7 4. Nc3 O-O 5. Nf3 d5 6. cxd5 Nxd5 7. O-O Nc6 8. d4 Nb6 9. d5 Na5 10. Qc2 c6 11. dxc6 Nxc6 12. Rd1 Qe8 13. a3 Bf5 14. e4 Bg4 15. Rd3 Bxf3 16. Rxf3 Nd4 17. Qd1 Nxf3+ 18. Qxf3 Qd7 19. Bf4 Rfd8 20. Bf1 Rac8 21. Rd1 Qe6 22. Nd5 Nxd5 23. exd5 Qf5 24. g4 Qd7 25. Rd2 Qa4 26. Be2 Rd7 27. Kg2 Rcd8 28. Bd1 Qb5 29. Be2 Qb6 30. b4 a5 31. bxa5 Qxa5 32. Bc4 b5 33. Ba2 Qc3 34. Rd3 Qf6 35. Qe3 Rc8 36. Qe4 h6 37. Be3 Qe5 38. Qb4 Rb7 39. Bf4 Qb2 40. d6 Qxb4 41. axb4 exd6 42. Rxd6 Kh7 43. Bd5 Ra7 44. Be3 Rac7 45. Rb6 Rd7 46. Rxb5 Rcd8 47. Bc6 Re7 48. Bc5 Re2 49. Bf3 Rb2 50. Rb7 Kg8 51. Rc7 Bd4 52. Kg1 Bxc5 53. bxc5 Rdd2 54. c6 Rxf2 55. Rb7 Rxb7 56. cxb7 Rb2 57. h3 Kf8 58. Bg2 Ke7 59. Kh2 Kd6 60. Kg3 Kc7 61. Bd5 g5 62. Kf3 Rh2 63. Bxf7 Rxh3+ 64. Ke4 Kxb7 65. Kf5 Kc6 66. Kf6 Kd6 67. Bg6 Kd5 68. Be8 Ke4 69. Kg6 Kf4 70. Bd7 Rh4 0-1

[Event "Cotswold Open 2025"]
[Site "?"]
[Date "2025.05.26"]
[Round "6.3"]
[White "Baer, Bruce"]
[Black "Spence, David"]
[Result "1/2-1/2"]
[WhiteElo "2058"]
[BlackElo "2295"]
[WhiteFideId "-1"]
[WhiteFideId "-1"]
[PlyCount "82"]
[GameId "2205276184928295"]
[SourceVersionDate "2025.06.08"]

1. Nf3 Nf6 2. g3 e6 3. Bg2 d5 4. d3 c5 5. Nbd2 Nc6 6. e4 Be7 7. O-O O-O 8. Re1 b5 9. e5 Nd7 10. Nf1 b4 11. h4 a5 12. h5 a4 13. a3 bxa3 14. bxa3 Ba6 15. N1h2 Rb8 16. Ng4 Nd4 17. Nxd4 cxd4 18. Bf4 Qa5 19. h6 g6 20. Nf6+ Bxf6 21. exf6 Rbc8 22. Bd6 Rfe8 23. Bb4 Qc7 24. Rc1 Nxf6 25. c4 dxc4 26. Qxa4 Qb6 27. dxc4 Bxc4 28. Rb1 Qa6 29. Qd1 e5 30. f4 Bd3 31. Bb7 Qxb7 32. Qxd3 Qd5 33. fxe5 Rxe5 34. Rxe5 Qxe5 35. Re1 Qd5 36. Qa6 Qd8 37. Be7 Qc7 38. Qxf6 Qxg3+ 39. Kf1 Qh3+ 40. Kg1 Qg3+ 41. Kf1 Qh3+ 1/2-1/2

[Event "Cotswold Open 2025"]
[Site "?"]
[Date "2025.05.26"]
[Round "6.4"]
[White "Schell, Finn"]
[Black "Varley, Joe"]
[Result "0-1"]
[WhiteElo "2149"]
[BlackElo "2096"]
[WhiteFideId "-1"]
[WhiteFideId "-1"]
[PlyCount "58"]
[GameId "2205756245795144"]
[SourceVersionDate "2025.06.08"]

1. e4 c5 2. Nf3 Nc6 3. Bb5 Nf6 4. Bxc6 dxc6 5. d3 Qc7 6. h3 e5 7. O-O h6 8. b3 Be6 9. Bb2 Bd6 10. Nbd2 b5 11. a4 g5 12. axb5 cxb5 13. Ra6 Nd7 14. g4 f6 15. Kg2 Nb8 16. Ra1 Nc6 17. Rh1 Ne7 18. Nf1 Ng6 19. Ng3 Nf4+ 20. Kf1 h5 21. Nxh5 Nxh5 22. gxh5 Qd7 23. Ng1 O-O-O 24. c3 Qf7 25. b4 Bb8 26. Ra5 Rxd3 27. Qa1 Qxh5 28. f3 Rxf3+ 29. Kg2 Bxh3+ 0-1

[Event "Cotswold Open 2025"]
[Site "?"]
[Date "2025.05.26"]
[Round "6.5"]
[White "Bolt, Graham"]
[Black "Hariharan, Shambavi"]
[Result "1/2-1/2"]
[WhiteElo "1980"]
[BlackElo "2149"]
[WhiteFideId "-1"]
[WhiteFideId "-1"]
[PlyCount "63"]
[GameId "2205756322447697"]
[SourceVersionDate "2025.06.08"]

1. Nf3 Nf6 2. g3 g6 3. Bg2 Bg7 4. d4 O-O 5. O-O d5 6. c3 Nbd7 7. Nbd2 b6 8. a4 a5 9. Re1 Bb7 10. b4 h6 11. Nb3 Ne4 12. Bb2 e5 13. e3 exd4 14. exd4 axb4 15. cxb4 c5 16. bxc5 bxc5 17. Nbd2 f5 18. Ne5 Nxe5 19. dxe5 c4 20. Bd4 Qa5 21. Nxe4 fxe4 22. f3 exf3 23. Bxf3 Bc6 24. Bg2 Rae8 25. e6 Re7 26. Bxg7 Kxg7 27. Qd4+ Kh7 28. Re5 Rd8 29. h4 Qa7 30. Qxa7 Rxa7 31. e7 Re8 32. Bxd5 1/2-1/2

[Event "Cotswold Open 2025"]
[Site "?"]
[Date "2025.05.26"]
[Round "6.6"]
[White "Hatchett, Paul"]
[Black "Beaumont, Chris"]
[Result "0-1"]
[WhiteElo "1989"]
[BlackElo "2143"]
[WhiteFideId "-1"]
[WhiteFideId "-1"]
[PlyCount "56"]
[GameId "2205757294363012"]
[SourceVersionDate "2025.06.08"]

{[%evp 0,52,11,27,18,15,28,37,38,47,32,37,38,42,37,33,17,19,9,10,34,-16,6,55,12,-7,-10,-20,39,-17,-17,-15,-14,15,14,6,-2,-26,-9,-10,-8,-36,-37,23,-28,-32,-33,-69,24,-147,-68,-301,-278,-337,-311]} 1. d4 Nf6 2. c4 g6 3. Nc3 Bg7 4. e4 d6 5. Be2 O-O 6. Nf3 e5 7. dxe5 dxe5 8. Qxd8 Rxd8 9. Bg5 Re8 10. O-O c6 11. Rfd1 h6 12. Bc1 Na6 13. Nd2 Nc5 14. b4 Ne6 15. Nb3 Nd4 16. Bd3 Nd7 17. Rb1 Nf8 18. Nxd4 exd4 19. Ne2 f5 20. f3 fxe4 21. Bxe4 Be6 22. Bd3 Bf7 23. a4 Nd7 24. c5 a5 25. Be4 axb4 26. Rxb4 Nxc5 27. Nxd4 Nxe4 28. fxe4 c5 0-1

[Event "Cotswold Open 2025"]
[Site "?"]
[Date "2025.05.26"]
[Round "6.7"]
[White "Gomez, Daniel"]
[Black "Carey, Alex"]
[Result "1-0"]
[WhiteElo "2124"]
[BlackElo "2054"]
[WhiteFideId "-1"]
[WhiteFideId "-1"]
[PlyCount "75"]
[GameId "2214378883016423"]
[SourceVersionDate "2025.06.08"]

1. e4 c5 2. Nf3 Nc6 3. Bb5 g6 4. Bxc6 dxc6 5. d3 Bg4 6. Nbd2 Bg7 7. h3 Bxf3 8. Nxf3 Nf6 9. Qe2 Nd7 10. e5 Qc7 11. Bf4 O-O 12. O-O f6 13. exf6 Qxf4 14. fxg7 Rf7 15. Rfe1 e5 16. Qe3 Qf5 17. a4 a5 18. Nd2 Kxg7 19. Ne4 Raf8 20. Re2 Qh5 21. Nd6 Rf3 22. Qd2 Rxh3 23. gxh3 Rf3 24. Re3 Qg5+ 25. Kf1 Rxh3 26. Rd1 Rh1+ 27. Ke2 Qg4+ 28. Rf3 e4 29. dxe4 Rxd1 30. Qxd1 Ne5 31. Qh1 Nxf3 32. Qxf3 Qd7 33. e5 b5 34. axb5 cxb5 35. Qb7 Qxb7 36. Nxb7 c4 37. Nxa5 Kf7 38. Nc6 1-0

[Event "Cotswold Open 2025"]
[Site "?"]
[Date "2025.05.26"]
[Round "6.8"]
[White "Morrison, Joseph"]
[Black "Homer, Stephen"]
[Result "0-1"]
[WhiteElo "1950"]
[BlackElo "2080"]
[WhiteFideId "-1"]
[WhiteFideId "-1"]
[PlyCount "60"]
[GameId "2211798320009687"]
[SourceVersionDate "2025.06.08"]

{[%evp 0,30,17,8,0,5,-20,21,24,24,14,9,14,-20,-81,-16,-11,-18,-14,-22,-24,-25,-25,-31,-38,-47,-55,-88,-86,-123,-103,-103,-36]} 1. c4 e5 2. Nc3 Bb4 3. Nd5 a5 4. a3 Be7 5. d3 Nf6 6. g3 Nxd5 7. cxd5 O-O 8. Bg2 d6 9. e4 c6 10. Be3 cxd5 11. exd5 Bg5 12. Qd2 Bxe3 13. fxe3 Nd7 14. Rb1 a4 15. Ne2 Qf6 16. Nc3 Nc5 17. Ne4 Nxe4 18. Bxe4 Bh3 19. Qf2 Qh6 20. Ke2 f5 21. Bg2 Bg4+ 22. Ke1 f4 23. gxf4 exf4 24. e4 f3 25. Bf1 Rac8 26. Kd1 Rc7 27. h3 Bh5 28. h4 Rfc8 29. Qd2 f2+ 30. Be2 Bxe2+ 0-1

[Event "Cotswold Open 2025"]
[Site "?"]
[Date "2025.05.26"]
[Round "6.9"]
[White "Hill, Andy"]
[Black "Ashworth, Robert"]
[Result "0-1"]
[WhiteElo "2037"]
[BlackElo "1979"]
[WhiteFideId "-1"]
[WhiteFideId "-1"]
[PlyCount "70"]
[GameId "2211799797023267"]
[SourceVersionDate "2025.06.08"]

1. Nf3 d5 2. e3 Nf6 3. c4 e6 4. Nc3 Be7 5. b3 O-O 6. Bb2 b6 7. cxd5 exd5 8. d4 Bb7 9. Bd3 Nbd7 10. O-O c5 11. Rc1 Rc8 12. Bf5 a6 13. Ne5 cxd4 14. exd4 Rc7 15. f4 Re8 16. Qf3 Nf8 17. Rfd1 Ng6 18. Bd3 Bb4 19. h3 Qd6 20. Nb1 Rec8 21. Rxc7 Qxc7 22. f5 Nxe5 23. dxe5 d4 24. Qe2 Nd5 25. Bxd4 Nf4 26. Qf1 Qc6 27. Bxa6 Nxh3+ 28. Kh2 Bxa6 29. Qxa6 Nf4 30. Qf1 Qh6+ 31. Kg1 Rc2 32. Bf2 Ne2+ 33. Qxe2 Rxe2 34. Rd8+ Bf8 35. Bxb6 Qxb6+ 0-1

[Event "Cotswold Open 2025"]
[Site "?"]
[Date "2025.05.26"]
[Round "6.10"]
[White "Smith, David"]
[Black "Fathallah, Joe"]
[Result "0-1"]
[WhiteElo "1859"]
[BlackElo "1960"]
[WhiteFideId "-1"]
[WhiteFideId "-1"]
[PlyCount "38"]
[GameId "2211801290543789"]
[SourceVersionDate "2025.06.08"]

1. c4 e5 2. Nc3 Nc6 3. g3 g6 4. Bg2 Bg7 5. d3 d6 6. Nf3 Nge7 7. h4 Bg4 8. Qb3 Qd7 9. Be3 O-O 10. Nd5 Nf5 11. Nh2 Nxe3 12. Nxe3 Nd4 13. Qxb7 Rab8 14. Qxb8 Rxb8 15. Nhxg4 f5 16. Bh3 fxg4 17. Bxg4 Qa4 18. O-O Rxb2 19. Nd5 h5 0-1

[Event "Cotswold Open 2025"]
[Site "?"]
[Date "2025.05.26"]
[Round "6.11"]
[White "Van Kemenade, Rudy"]
[Black "Kong, Emma"]
[Result "1-0"]
[WhiteElo "1936"]
[BlackElo "1659"]
[WhiteFideId "-1"]
[WhiteFideId "-1"]
[PlyCount "101"]
[GameId "2213974253032318"]
[SourceVersionDate "2025.06.08"]

{[%evp 0,86,11,25,23,31,24,43,23,21,-9,9,-11,-7,0,5,56,30,42,30,25,38,31,28,18,31,27,29,32,42,22,21,74,163,63,35,59,61,55,176,113,107,137,21,39,32,91,70,131,78,57,115,126,111,117,25,-34,42,126,45,47,93,110,208,128,115,105,102,108,169,170,158,158,161,247,272,272,294,304,298,335,321,327,276,228,387,534,354,333]} 1. e4 c5 2. Nf3 g6 3. d4 cxd4 4. Qxd4 Nf6 5. Nc3 Nc6 6. Qa4 d6 7. e5 dxe5 8. Nxe5 Bd7 9. Nxd7 Qxd7 10. Be3 Bg7 11. Rd1 Qc8 12. Be2 O-O 13. O-O a6 14. Qb3 b5 15. a4 bxa4 16. Nxa4 Rb8 17. Qa3 a5 18. c3 Qe6 19. Nc5 Qc8 20. h3 e6 21. Bf3 Ne5 22. Be2 Ned7 23. Na6 Ra8 24. Nc5 Rd8 25. Bf3 Nd5 26. Bxd5 exd5 27. Nxd7 Rxd7 28. Bd4 Bf8 29. Qa4 Rb7 30. Rd2 Qb8 31. Qc6 Bg7 32. Bxg7 Kxg7 33. Qxd5 Ra6 34. Qd4+ f6 35. c4 Rab6 36. Re1 Rxb2 37. Rxb2 Rxb2 38. Re7+ Kg8 39. Qd5+ Kh8 40. g3 Qf8 41. Qe6 Rb8 42. c5 a4 43. Ra7 a3 44. Qd7 Qh6 45. Kg2 a2 46. Rxa2 Qf8 47. Ra7 Qg8 48. Qd4 Qf8 49. c6 Rd8 50. Rd7 Rc8 51. c7 1-0

[Event "Cotswold Open 2025"]
[Site "?"]
[Date "2025.05.26"]
[Round "6.12"]
[White "Lawrence, Spencer"]
[Black "Moldovan, Alexandru"]
[Result "1-0"]
[WhiteElo "1811"]
[BlackElo "1894"]
[WhiteFideId "-1"]
[WhiteFideId "-1"]
[PlyCount "79"]
[GameId "2213964987061097"]
[SourceVersionDate "2025.06.08"]

1. Nf3 Nf6 2. g3 d6 3. d4 Nc6 4. Bg2 e6 5. O-O h6 6. c4 Be7 7. Nc3 a6 8. e4 d5 9. cxd5 exd5 10. exd5 Nxd5 11. Nxd5 Qxd5 12. Ne5 Qb5 13. a4 Qb6 14. Nxc6 bxc6 15. Re1 Be6 16. Qc2 O-O 17. Bxc6 Rad8 18. d5 Bc5 19. dxe6 fxe6 20. Be3 Bxe3 21. Rxe3 Rd6 22. Bf3 Rd4 23. b3 e5 24. Rd1 Qd6 25. Rxd4 exd4 26. Qc4+ Kh8 27. Re6 Qa3 28. Bd5 c5 29. Qxa6 Qc1+ 30. Qf1 Qc2 31. Re2 Qf5 32. Bc4 h5 33. Qe1 h4 34. Re8 Qf6 35. Rxf8+ Qxf8 36. Qe6 d3 37. Bxd3 c4 38. Bxc4 g6 39. Qg8+ Qxg8 40. Bxg8 1-0

[Event "Cotswold Open 2025"]
[Site "?"]
[Date "2025.05.26"]
[Round "6.13"]
[White "Clarke, Ian"]
[Black "Holmes, Matthew"]
[Result "1/2-1/2"]
[WhiteElo "1925"]
[BlackElo "1927"]
[WhiteFideId "-1"]
[WhiteFideId "-1"]
[PlyCount "70"]
[GameId "2213977905444199"]
[SourceVersionDate "2025.06.08"]

1. Nc3 d5 2. e4 d4 3. Nce2 c5 4. Ng3 e5 5. Nf3 Nc6 6. Bc4 Be7 7. d3 Nf6 8. O-O O-O 9. a4 Ne8 10. Qe2 Be6 11. Bxe6 fxe6 12. b3 a6 13. h3 Nd6 14. Bd2 b6 15. Rfb1 Nf7 16. Rc1 Nh8 17. Nf1 g5 18. N3h2 Ng6 19. g3 Rf7 20. Qg4 Nf8 21. Qh5 Rg7 22. Qg4 Qe8 23. Kg2 h5 24. Qe2 Ng6 25. Kh1 Rh7 26. Kg2 Qf7 27. Qf3 Qg7 28. Qe2 Rf8 29. Be1 h4 30. Qg4 Nd8 31. Nd2 Qf6 32. Nc4 b5 33. axb5 axb5 34. Nb6 Bd6 35. Ra6 Nc6 1/2-1/2